| 000 | 00574nam a2200229Ia 4500 | ||
|---|---|---|---|
| 003 | 0100 | ||
| 008 | 130227s9999 xx 000 0 und d | ||
| 020 | _a1583481338 | ||
| 040 | _cARRUPELIB | ||
| 050 | _aPR9408.M36C4Z50 | ||
| 100 | _aArnold, Albert James | ||
| 245 | _aModernism and negritude | ||
| 245 | _bThe poetry and poetics of Aime Cesaire | ||
| 260 | _aCambridge, Mass. | ||
| 260 | _bHarvard University Press | ||
| 260 | _C1981 | ||
| 300 | _axi | ||
| 300 | _b 318p 23cm | ||
| 650 | _bNigeria- History | ||
| 650 | _cNigeria- Civil war | ||
| 942 |
_2lcc _03 |
||
| 999 |
_c3961 _d3961 |
||